Judo for Juniors
| Main Author: | |
|---|---|
| Format: | Book |
| Published: |
London :
Stanley Paul ,
1991
|
| Subjects: |
MARC
| LEADER | 00000cam a2200000 7i4500 | ||
|---|---|---|---|
| 001 | 0000005754 | ||
| 002 | 000006220 | ||
| 005 | 20000330.0 | ||
| 020 | |a 0091748801 | ||
| 090 | 0 | 0 | |a 796.8152 |b SOA |
| 100 | 1 | |a Soames, Nicolas | |
| 245 | 1 | 0 | |a Judo for Juniors |c Nicolas Soames |
| 260 | |a London : |b Stanley Paul , |c 1991 | ||
| 300 | |a 96 p. : |b ill. ; |c 25 cm. | ||
| 650 | 0 | 0 | |a Judo |
| 650 | 0 | 0 | |a Material arts |
| 999 | |a 031432 |b BUKU |c PINJAMAN |e PERPUSTAKAAN KOMUNITI PETALING JAYA | ||
| 999 | |a 031433 |b BUKU |c PINJAMAN |e PERPUSTAKAAN KOMUNITI PETALING JAYA | ||